Digits of pi to 50 - Statistics

General Stats
  • This quiz has been taken 72 times
  • The average score is 23 of 51
Answer Stats
Hint Answer % Correct
2 4
86%
1 1
82%
3 1
82%
0 3
82%
4 5
82%
6 2
71%
5 9
71%
8 5
64%
13 7
64%
7 6
61%
12 9
61%
9 3
57%
17 3
57%
10 5
57%
22 6
57%
11 8
57%
20 6
54%
14 9
54%
16 2
50%
21 2
50%
15 3
50%
19 4
50%
18 8
50%
25 3
46%
23 4
46%
24 3
43%
26 8
43%
31 5
39%
32 0
36%
33 2
36%
27 3
36%
29 7
36%
35 8
36%
28 2
32%
41 6
32%
30 9
32%
39 7
29%
34 8
29%
42 9
29%
37 1
25%
40 1
25%
43 3
25%
36 4
25%
48 5
25%
47 7
25%
38 9
25%
49 1
21%
46 3
21%
44 9
21%
45 9
21%
50 0
18%
No matching quizzes found
Score Distribution
Percent of People with Each Score
Percentile by Number Answered
Your Score History
You have not taken this quiz